[Event "PohÃ¡r mÄ›sta Å˜Ã­Ä�any 2020"]
[Site "MÄ›stskÃ© kulturnÃ­ stÅ™edisko U labutÄ›"]
[Date "2020.08.22"]
[Round "1.1"]
[White "Skala, Jaromir"]
[Black "Plischki, Sebastian"]
[Result "0-1"]
[WhiteElo "1891"]
[BlackElo "2356"]
[PlyCount "0"]
[EventDate "2020.08.22"]

1. d4 g6 2. c4 Bg7 3. Nc3 d6 4. e4 e5 5. Nf3 Nc6 6. d5 Nd4 7. Be2 c5 8. O-O Nf6
9. Rb1 O-O 10. b4 b6 11. h3 Ne8 12. Bd3 f5 13. Nxd4 cxd4 14. Ne2 f4 15. f3 Rf7
16. a4 g5 17. Ba3 h5 18. Kf2 g4 19. Ng1 Bf8 20. hxg4 hxg4 21. Ke2 Rh7 22. Kd2
Nf6 23. Ne2 Rh2 24. Rg1 Rb8 25. Kc2 Rb7 26. Kb3 Rg7 27. Rc1 Bd7 28. Qf1 Qe8
29. c5 bxc5 30. bxc5 Bxa4+ 31. Ka2 dxc5 32. Bxc5 Bb5 33. Bxf8 Bxd3 34. Bxg7 Qa4+
35. Kb2 Qb5+ 36. Ka3 Kxg7 37. Rc7+ Kg6 38. Nxf4+ exf4 39. Qc1 Qa6+ 40. Kb3 Rh8
41. Rg7+ Kxg7 42. Qc7+ Kg6 43. Qxf4 Qb6+ 44. Ka3 Rb8 45. Qf5+ Kg7 46. Qg5+ 0-1

[Event "PohÃ¡r mÄ›sta Å˜Ã­Ä�any 2020"]
[Site "MÄ›stskÃ© kulturnÃ­ stÅ™edisko U labutÄ›"]
[Date "2020.08.22"]
[Round "1.2"]
[White "Vojta, Tomas"]
[Black "Hadrava, Jaroslav"]
[Result "1-0"]
[WhiteElo "2328"]
[BlackElo "1883"]
[PlyCount "0"]
[EventDate "2020.08.22"]

1. e4 e5 2. Nc3 Nc6 3. f4 exf4 4. Nf3 d6 5. d4 g5 6. d5 Ne5 7. Bb5+ Bd7
8. Bxd7+ Nxd7 9. Qd4 Qf6 10. Qxf6 Ngxf6 11. Nxg5 Rg8 12. Bxf4 h6 13. Nh3 Rxg2
14. O-O-O O-O-O 15. Rdf1 Nh5 16. Be3 Ne5 17. Bd4 Rd7 18. Rf5 Ng7 19. Rf2 Rxf2
20. Nxf2 f5 21. exf5 Rf7 22. Bxe5 dxe5 23. Ng4 Rxf5 24. Nxh6 Rf4 25. h3 Nf5
26. Ng4 Bd6 27. Re1 Nd4 28. Kd1 Nf3 29. Re4 Ng1 30. h4 Rf1+ 31. Kd2 Rf5 32. Nb5
a6 33. Nxd6+ cxd6 34. Ne3 Rf2+ 35. Kd3 Rh2 36. Nf5 Nf3 37. Nxd6+ Kc7 38. Nc4 b5
39. Nxe5 Nxe5+ 40. Rxe5 Rxh4 41. b3 Kd6 42. Re6+ Kxd5 43. Rxa6 Rh3+ 44. Kd2 Rh2+
45. Kc3 Kc5 46. Rg6 Rh3+ 47. Kb2 Rh2 48. Rg4 b4 49. Rc4+ Kb5 50. a3 1-0

[Event "PohÃ¡r mÄ›sta Å˜Ã­Ä�any 2020"]
[Site "MÄ›stskÃ© kulturnÃ­ stÅ™edisko U labutÄ›"]
[Date "2020.08.22"]
[Round "1.3"]
[White "Koper, Stefan"]
[Black "Hrdina, Robin"]
[Result "0-1"]
[WhiteElo "1871"]
[BlackElo "2243"]
[PlyCount "0"]
[EventDate "2020.08.22"]

1. d4 d5 2. c4 e6 3. cxd5 exd5 4. Nc3 c6 5. Nf3 Nf6 6. Bg5 Be7 7. e3 Nbd7
8. Bd3 h6 9. Bh4 Nh5 10. Bxe7 Qxe7 11. O-O O-O 12. Qc2 Nhf6 13. h3 Re8 14. Rab1
a5 15. a4 Nb6 16. b3 Ne4 17. Bxe4 dxe4 18. Nd2 Bf5 19. Rfe1 Qg5 20. Kh1 Qh4
21. Nf1 g5 22. Kg1 g4 23. Ng3 Bg6 24. hxg4 Qxg4 25. Nge2 Nd7 26. Nf4 Kh8 27. b4
Nf6 28. b5 Rg8 29. bxc6 bxc6 30. Rb6 Rac8 31. Qb2 Kh7 32. Rb7 Bh5 33. Nce2 Rg7
34. Ng3 Rcg8 35. Qc2 Qh4 36. Ngxh5 Rxg2+ 37. Nxg2 Qxh5 38. f4 Ng4 39. Qxe4+ Kh8
40. Re7 Qh2+ 41. Kf1 Qg3 42. Re2 Nh2+ 43. Kg1 Nf3+ 44. Kf1 Qh3 45. Rf2 Rxg2
46. Rxg2 Qh1+ 0-1

[Event "PohÃ¡r mÄ›sta Å˜Ã­Ä�any 2020"]
[Site "MÄ›stskÃ© kulturnÃ­ stÅ™edisko U labutÄ›"]
[Date "2020.08.22"]
[Round "1.4"]
[White "Petr, Jakub"]
[Black "Pavlicek, Petr"]
[Result "1-0"]
[WhiteElo "2236"]
[BlackElo "1860"]
[PlyCount "0"]
[EventDate "2020.08.22"]

1. d4 Nf6 2. Nf3 g6 3. g3 Bg7 4. Bg2 O-O 5. O-O d5 6. c4 Nc6 7. Nc3 dxc4 8. e3
Na5 9. Qa4 c6 10. Bd2 b6 11. Ne5 Bb7 12. Ne2 c5 13. Bxb7 Nxb7 14. Bc3 Ne4
15. Nxc4 Nxc3 16. bxc3 Qc7 17. Nf4 Rfd8 18. Qa6 e6 19. Nd3 Nd6 20. Rfc1 Qb7
21. Qxb7 Nxb7 22. Rab1 Rac8 23. Kf1 Nd6 24. Nxd6 Rxd6 25. Ke2 Rcd8 26. Rc2 Kf8
27. a4 Rc8 28. Rcb2 Rdc6 29. Kd2 cxd4 30. cxd4 Rc4 31. a5 bxa5 32. Ra2 a4
33. Rb5 Bf6 34. Ra5 R8c7 35. R5xa4 Rxa4 36. Rxa4 Be7 37. Ra6 Ke8 38. Ne5 Rb7
39. Ke2 Bd8 40. Nc4 Ke7 41. Nd6 Rb2+ 42. Kf3 Bb6 43. Nc4 Rb4 44. Ne5 Rb2 45. h4
h5 46. Nc4 Rb4 47. Ne5 Rb3 48. Ke4 Rb2 49. f3 Rb3 50. g4 Rb5 51. g5 Rb3 52. Nc4
f5+ 53. gxf6+ Kxf6 54. f4 Rb4 55. Ne5 Rb5 56. Nc6 Rb1 57. Nxa7 Bxa7 58. Rxa7 Rh1
59. Ra6 Rxh4 60. d5 g5 61. Rxe6+ Kf7 62. Kf5 gxf4 63. exf4 Rh1 64. d6 Rd1
65. Re7+ Kf8 66. Ke6 Re1+ 67. Kd7 Rd1 68. f5 Rf1 69. Re5 h4 70. Ke6 Rd1 71. d7
h3 72. Re2 Rd3 73. Rc2 1-0

[Event "PohÃ¡r mÄ›sta Å˜Ã­Ä�any 2020"]
[Site "MÄ›stskÃ© kulturnÃ­ stÅ™edisko U labutÄ›"]
[Date "2020.08.22"]
[Round "1.5"]
[White "Mejzr, Jan"]
[Black "Skypala, Ondrej"]
[Result "0-1"]
[WhiteElo "1849"]
[BlackElo "2129"]
[PlyCount "0"]
[EventDate "2020.08.22"]

1. e4 e6 2. d4 d5 3. Nd2 Nf6 4. e5 Nfd7 5. Bd3 c5 6. c3 Nc6 7. Ne2 cxd4 8. cxd4
f6 9. Nf4 Nxd4 10. Qh5+ Ke7 11. Ng6+ hxg6 12. exf6+ Nxf6 13. Qxh8 Kf7 14. Qh4 e5
15. Nb3 Bb4+ 16. Bd2 Bxd2+ 17. Kxd2 Nxb3+ 18. axb3 Ne4+ 0-1

[Event "PohÃ¡r mÄ›sta Å˜Ã­Ä�any 2020"]
[Site "MÄ›stskÃ© kulturnÃ­ stÅ™edisko U labutÄ›"]
[Date "2020.08.22"]
[Round "1.7"]
[White "Maslo, Ondrej"]
[Black "Otruba, Marek"]
[Result "0-1"]
[WhiteElo "1834"]
[BlackElo "2079"]
[PlyCount "0"]
[EventDate "2020.08.22"]

1. e4 c5 2. c3 Nf6 3. e5 Nd5 4. d4 cxd4 5. cxd4 e6 6. Nf3 b6 7. Bc4 Ba6 8. Bxa6
Nxa6 9. O-O Nac7 10. Nc3 Nxc3 11. bxc3 Be7 12. c4 O-O 13. Bd2 d5 14. exd6 Bxd6
15. Qe2 Qd7 16. a4 Rac8 17. Rfd1 Qc6 18. Ne5 Bxe5 19. Qxe5 Qxc4 20. Qg3 Qd5
21. Rac1 Qh5 22. f3 Nd5 23. Rxc8 Rxc8 24. Re1 Qg6 25. Qd6 Qd3 26. Qd7 Rf8
27. Bg5 Qxd4+ 28. Kh1 Qb4 29. Rd1 h6 30. Bd8 a5 31. h3 Qb3 32. Rd4 b5 33. axb5
a4 34. b6 a3 35. Ra4 Nc3 36. Rxa3 Qb1+ 37. Kh2 Ne2 38. h4 Qg1+ 39. Kh3 Qh1+
40. Kg4 Qxg2+ 41. Kh5 Nf4# 0-1

[Event "PohÃ¡r mÄ›sta Å˜Ã­Ä�any 2020"]
[Site "MÄ›stskÃ© kulturnÃ­ stÅ™edisko U labutÄ›"]
[Date "2020.08.22"]
[Round "1.8"]
[White "Rudiano, Nicolas"]
[Black "Lhotsky, Zdenek"]
[Result "1-0"]
[WhiteElo "2077"]
[BlackElo "1831"]
[PlyCount "0"]
[EventDate "2020.08.22"]

1. e4 c5 2. Nf3 d6 3. d4 cxd4 4. Nxd4 Nf6 5. Nc3 a6 6. Be2 e5 7. Nb3 Be7 8. a4
O-O 9. O-O Be6 10. Be3 Nbd7 11. a5 Rc8 12. f3 Qc7 13. Qd2 Nc5 14. Nd5 Nxd5 1-0

[Event "PohÃ¡r mÄ›sta Å˜Ã­Ä�any 2020"]
[Site "MÄ›stskÃ© kulturnÃ­ stÅ™edisko U labutÄ›"]
[Date "2020.08.22"]
[Round "1.9"]
[White "Strnad, Michael"]
[Black "Stanek, Ondrej"]
[Result "1-0"]
[WhiteElo "1813"]
[BlackElo "2074"]
[PlyCount "0"]
[EventDate "2020.08.22"]

1. e4 c6 2. d4 d5 3. exd5 cxd5 4. c4 Nf6 5. Nc3 Nc6 6. Nf3 Bg4 7. cxd5 Nxd5
8. Qb3 Bxf3 9. gxf3 e6 10. Qxb7 Nxd4 11. Bb5+ Nxb5 12. Qc6+ Ke7 13. Qxb5 Rb8
14. Nxd5+ exd5 15. Qe2+ Kf6 16. Bd2 Bb4 17. O-O-O Qc8+ 18. Kb1 Qf5+ 19. Ka1 Bxd2
20. Qxd2 Rhd8 21. Rhe1 g5 22. Qd4+ Kg6 23. Re5 Qc2 24. f4 f6 25. f5+ Kh5 26. Rg1
Qc4 27. Re7 Rh8 28. Qxf6 Qf4 29. Rxh7+ Rxh7 30. Qg6+ 1-0

[Event "PohÃ¡r mÄ›sta Å˜Ã­Ä�any 2020"]
[Site "MÄ›stskÃ© kulturnÃ­ stÅ™edisko U labutÄ›"]
[Date "2020.08.22"]
[Round "1.10"]
[White "Zvolensky, David"]
[Black "Dome, Michal"]
[Result "1/2-1/2"]
[WhiteElo "2048"]
[BlackElo "1802"]
[PlyCount "0"]
[EventDate "2020.08.22"]

1. e4 e6 2. d4 d5 3. Nd2 Nc6 4. Ngf3 Nf6 5. e5 Nd7 6. Bd3 f6 7. exf6 Qxf6
8. O-O Bd6 9. Nb3 O-O 10. Bg5 Qf7 11. Be3 h6 12. Nh4 e5 13. Nf5 e4 14. Nxd6 cxd6
15. Be2 Nf6 16. Bf4 Qe7 17. Bg3 Bd7 18. Qd2 Rac8 19. Rae1 Ne8 20. c4 Qf7
21. cxd5 Qxd5 22. f3 exf3 23. Bxf3 Qc4 24. Rc1 Qb5 25. Nc5 Rxf3 26. Nxd7 Rxf1+
27. Rxf1 Ne7 28. Nf8 Nf5 29. Ng6 Kh7 30. Nf8+ 1/2-1/2

[Event "PohÃ¡r mÄ›sta Å˜Ã­Ä�any 2020"]
[Site "MÄ›stskÃ© kulturnÃ­ stÅ™edisko U labutÄ›"]
[Date "2020.08.22"]
[Round "1.11"]
[White "Lhotska, Anna"]
[Black "Zizka, Petr"]
[Result "1-0"]
[WhiteElo "1793"]
[BlackElo "2046"]
[PlyCount "0"]
[EventDate "2020.08.22"]

1. e4 c5 2. Nf3 Nc6 3. d4 cxd4 4. Nxd4 Nf6 5. Nc3 e5 6. Ndb5 d6 7. Bg5 a6
8. Bxf6 gxf6 9. Na3 b5 10. Nd5 Bg7 11. Bd3 O-O 12. O-O Be6 13. Qh5 h6 14. Ne3
Ne7 15. c3 Qc8 16. Nac2 Rd8 17. Nb4 Qc5 18. Rfd1 a5 19. Nbd5 Kf8 20. a4 Bxd5
21. Nxd5 Nxd5 22. exd5 Qxd5 23. Bxb5 Qc5 24. Rd3 d5 25. Rad1 Rd6 26. Qf5 Ke7
27. Qg4 Bf8 28. b4 axb4 29. cxb4 Qc8 30. Qe2 Qb7 31. Rc3 Rc8 32. Rc5 Rxc5
33. bxc5 Rd8 34. Qf3 Ke6 35. c6 Qb6 36. Qb3 Bc5 37. Rd2 Qa5 38. Rd1 Qb6 39. Qa2
Ra8 40. g3 Kd6 41. Rc1 Rc8 42. Kg2 Rc7 43. Rxc5 1-0

[Event "PohÃ¡r mÄ›sta Å˜Ã­Ä�any 2020"]
[Site "MÄ›stskÃ© kulturnÃ­ stÅ™edisko U labutÄ›"]
[Date "2020.08.22"]
[Round "1.12"]
[White "Rut, Vojtech"]
[Black "Kacirek, Pavel"]
[Result "1-0"]
[WhiteElo "2043"]
[BlackElo "1778"]
[PlyCount "0"]
[EventDate "2020.08.22"]

1. d4 d5 2. Bf4 c6 3. e3 e6 4. Nd2 f5 5. Ngf3 Nf6 6. Ne5 Be7 7. Bd3 b6 8. h3
O-O 9. g4 Ne4 10. gxf5 exf5 11. Rg1 Bh4 12. Rg2 Bxf2+ 13. Rxf2 Nxf2 14. Kxf2
Qh4+ 15. Kg2 Nd7 16. Nxc6 Bb7 17. Nf3 Qf6 18. Nce5 Nxe5 19. Bxe5 Qe6 20. Kh2 h6
21. Qg1 Rf7 22. h4 Rd8 23. Qg3 Bc8 24. Rg1 Rdd7 25. Qf4 Rde7 26. h5 Kh7 27. Rg6
Qd7 28. Nh4 Re8 29. Bxf5 Rxf5 30. Nxf5 1-0

[Event "PohÃ¡r mÄ›sta Å˜Ã­Ä�any 2020"]
[Site "MÄ›stskÃ© kulturnÃ­ stÅ™edisko U labutÄ›"]
[Date "2020.08.22"]
[Round "1.13"]
[White "Chmelik, Ladislav"]
[Black "Horak, Jan"]
[Result "0-1"]
[WhiteElo "1774"]
[BlackElo "2029"]
[PlyCount "0"]
[EventDate "2020.08.22"]

1. e4 e6 2. d4 d5 3. exd5 exd5 4. Nf3 Bd6 5. h3 Ne7 6. Bd3 Nbc6 7. O-O Be6
8. c3 Qd7 9. Nbd2 f6 10. Re1 O-O-O 11. Qe2 Bf7 12. b4 Rde8 13. Nb3 Kb8 14. a4 g5
15. Nh2 h5 16. b5 Nd8 17. Ba3 Ng6 18. Qf1 Bxa3 19. Rxa3 g4 20. Nc5 Qd6 21. hxg4
hxg4 22. Nxg4 Ne6 23. g3 Ng5 24. Rxe8+ Rxe8 25. Ra1 Nf3+ 26. Kg2 Ngh4+ 27. gxh4
Qf4 28. Nd7+ Ka8 29. Ndxf6 Rg8 30. Qd1 Rxg4+ 31. Nxg4 Qxg4+ 32. Kf1 Qh3+ 33. Ke2
Bh5 34. Qb1 Qg2 35. Ra2 Nxd4+ 36. Kd2 Qxf2+ 37. Kc1 Qe1+ 38. Kb2 Qd2+ 39. Bc2
Ne2 40. Ra3 Nf4 41. Ka1 b6 42. Bf5 Bd1 43. Qb2 Qe1 44. Ka2 Be2 45. a5 Bc4+
46. Rb3 Qxh4 47. axb6 cxb6 48. Ka3 Bxb3 49. Qxb3 Qd8 50. Ka2 Qe7 51. Bg4 Qc5
52. Bd7 Kb8 53. Bc6 Kc7 54. Qa4 Qc4+ 55. Qxc4 dxc4 56. Ka3 a5 57. bxa6 Kxc6
58. Kb4 Nd5+ 59. Kxc4 Nc7 60. a7 Kb7 61. Kb4 Kxa7 62. c4 Ne6 63. Kb5 Kb7 0-1

[Event "PohÃ¡r mÄ›sta Å˜Ã­Ä�any 2020"]
[Site "MÄ›stskÃ© kulturnÃ­ stÅ™edisko U labutÄ›"]
[Date "2020.08.22"]
[Round "1.14"]
[White "Rehak, Martin"]
[Black "Popovsky, Ondrej"]
[Result "1/2-1/2"]
[WhiteElo "2023"]
[BlackElo "1766"]
[PlyCount "0"]
[EventDate "2020.08.22"]

1. e4 d6 2. f4 Nf6 3. d3 e5 4. Nf3 Nc6 5. g3 Be7 6. Bg2 h5 7. O-O Bg4 8. h3 Bd7
9. f5 g6 10. fxg6 fxg6 11. Ng5 Nd4 12. Nd2 Ne6 13. Ndf3 Nh7 14. Nxe6 Bxe6 15. d4
Qd7 16. Kh2 g5 17. d5 Bf7 18. Be3 g4 19. Nd2 h4 20. Qxg4 1/2-1/2

[Event "PohÃ¡r mÄ›sta Å˜Ã­Ä�any 2020"]
[Site "MÄ›stskÃ© kulturnÃ­ stÅ™edisko U labutÄ›"]
[Date "2020.08.22"]
[Round "1.15"]
[White "Kalvach, Ladislav"]
[Black "Petras, Milan"]
[Result "1/2-1/2"]
[WhiteElo "1761"]
[BlackElo "1996"]
[PlyCount "0"]
[EventDate "2020.08.22"]

1. c4 g6 2. Nc3 Bg7 3. g3 d6 4. Bg2 c5 5. e3 Nc6 6. Nge2 e5 7. O-O Be6 8. Nd5
Qd7 9. a3 Kf8 10. f4 h5 11. fxe5 dxe5 12. d4 h4 1/2-1/2

[Event "PohÃ¡r mÄ›sta Å˜Ã­Ä�any 2020"]
[Site "MÄ›stskÃ© kulturnÃ­ stÅ™edisko U labutÄ›"]
[Date "2020.08.22"]
[Round "1.16"]
[White "Hejsek, Lukas"]
[Black "Holub, Adam"]
[Result "1-0"]
[WhiteElo "1991"]
[BlackElo "1746"]
[PlyCount "0"]
[EventDate "2020.08.22"]

1. d4 Nf6 2. Nf3 c5 3. d5 d6 4. Nc3 e5 5. e4 Be7 6. Bd3 a6 7. a4 Nbd7 8. O-O
O-O 9. Nd2 Re8 10. Nc4 Nf8 11. f4 exf4 12. Bxf4 Ng6 13. Bg3 Ng4 14. Be2 N4e5
15. Nxe5 Nxe5 16. Bxe5 dxe5 17. Bc4 Qd6 18. Qf3 Rf8 19. Ne2 Bd7 20. Ng3 g6
21. a5 Rae8 22. Qb3 Bc8 23. Qd3 Bg5 24. Ne2 Kg7 25. Nc3 Bd7 26. Bb3 Rc8 27. Qc4
f5 28. Ba4 Bxa4 29. Nxa4 b5 30. Nb6 Rb8 31. Qe2 fxe4 32. Qxe4 Rf4 33. Rxf4 Bxf4
34. Rd1 Qe7 35. Nc4 Qh4 36. g3 Qg4 37. Rf1 Bg5 38. Rf7+ Kh8 39. Qxe5+ 1-0

[Event "PohÃ¡r mÄ›sta Å˜Ã­Ä�any 2020"]
[Site "MÄ›stskÃ© kulturnÃ­ stÅ™edisko U labutÄ›"]
[Date "2020.08.22"]
[Round "1.17"]
[White "Konvalinka, Vladislav"]
[Black "Svoboda, Jaromir"]
[Result "0-1"]
[WhiteElo "1731"]
[BlackElo "1977"]
[PlyCount "0"]
[EventDate "2020.08.22"]

1. d4 d5 2. c4 e6 3. g3 Nf6 4. Bg2 c5 5. cxd5 exd5 6. Nf3 Be7 7. O-O O-O
8. dxc5 Bxc5 9. Qc2 b6 10. a3 a5 11. Nc3 Bb7 12. Na4 Nbd7 13. Nxc5 Nxc5 14. Be3
Rc8 15. Rac1 Ba6 16. b4 Nd3 17. Qb1 Nxc1 18. Rxc1 Rxc1+ 19. Qxc1 Bxe2 20. Nd4
Bc4 21. Bg5 Re8 22. h4 Qd6 23. Bf4 Qe7 24. Be3 axb4 25. Nc6 Qe6 26. Nxb4 b5
27. Nc2 Ng4 28. Bd4 Qg6 29. Ne3 Nxe3 30. Bxe3 Qd3 31. Bf1 Qxf1+ 32. Qxf1 Bxf1
33. Kxf1 f5 34. Ke2 d4 0-1

[Event "PohÃ¡r mÄ›sta Å˜Ã­Ä�any 2020"]
[Site "MÄ›stskÃ© kulturnÃ­ stÅ™edisko U labutÄ›"]
[Date "2020.08.22"]
[Round "1.18"]
[White "Bartos, Vaclav"]
[Black "Kubice, Jakub"]
[Result "1-0"]
[WhiteElo "1976"]
[BlackElo "1724"]
[PlyCount "0"]
[EventDate "2020.08.22"]

1. d4 d5 2. c4 c6 3. cxd5 cxd5 4. Nc3 Nf6 5. Bf4 Qb6 6. Rc1 Nc6 7. e3 Bf5
8. Nb5 Rc8 9. Qa4 a6 10. Nc7+ Rxc7 11. Bxc7 Qxc7 12. Bxa6 Bd7 13. Bb5 e6
14. Qa8+ Ke7 15. Bxc6 Bxc6 16. Nf3 Nd7 17. O-O g6 18. Rc2 Bg7 19. Qa3+ Qd6
20. Qd3 Ra8 21. b3 Ra3 22. h4 h5 23. Ng5 Qb4 24. Rfc1 Qa5 25. Qe2 Bf6 26. f4 Bb5
27. Qf2 Qa6 28. Nf3 Kf8 29. Rc8+ Kg7 30. Kh2 Ne5 31. fxe5 Bd3 32. R1c5 Qb6
33. Rb8 1-0

[Event "PohÃ¡r mÄ›sta Å˜Ã­Ä�any 2020"]
[Site "MÄ›stskÃ© kulturnÃ­ stÅ™edisko U labutÄ›"]
[Date "2020.08.22"]
[Round "1.19"]
[White "Feierfeil, Jiri"]
[Black "Lhotsky, Frantisek"]
[Result "0-1"]
[WhiteElo "1719"]
[BlackElo "1975"]
[PlyCount "0"]
[EventDate "2020.08.22"]

1. d4 d5 2. Bf4 c5 3. e3 Nc6 4. Nf3 Nf6 5. Nbd2 Bf5 6. c3 Qb6 7. Qc1 e6 8. Be2
Nh5 9. Bg3 Nxg3 10. hxg3 h6 11. dxc5 Bxc5 12. Nb3 Bd6 13. Nbd4 Bg6 14. Qd2 Rd8
15. O-O e5 16. Nxc6 bxc6 17. g4 O-O 18. b3 Bb8 19. g3 f5 20. gxf5 Bxf5 21. Kg2
Qc7 22. Nh4 Be4+ 23. Kg1 g5 24. Ng2 Bf3 25. Bxf3 Rxf3 26. Qe2 e4 27. c4 Rdf8
28. cxd5 cxd5 29. Rad1 Qe5 30. Qb5 R3f5 31. Qe2 Rf3 32. Qb5 R3f5 33. Qe2 Kg7
34. Qg4 Qb2 35. Nf4 Bxf4 36. exf4 Kg6 37. Rc1 Qf6 38. Rc5 h5 39. Qe2 gxf4
40. Rfc1 Qg5 41. Rc6+ R8f6 42. Rxf6+ Rxf6 43. Rc8 Kg7 44. Qb5 fxg3 45. Rc7+ Kh6
46. Qf1 gxf2+ 47. Kh2 Qf4+ 48. Kh3 Qg4+ 49. Kh2 Qh4+ 50. Qh3 Qxh3+ 0-1

[Event "PohÃ¡r mÄ›sta Å˜Ã­Ä�any 2020"]
[Site "MÄ›stskÃ© kulturnÃ­ stÅ™edisko U labutÄ›"]
[Date "2020.08.22"]
[Round "1.20"]
[White "Cermak, Jan"]
[Black "Vit, Zdenek"]
[Result "1/2-1/2"]
[WhiteElo "1971"]
[BlackElo "1703"]
[PlyCount "0"]
[EventDate "2020.08.22"]

1. e4 e5 2. Nf3 Nc6 3. Bb5 a6 4. Ba4 Nf6 5. O-O Nxe4 6. Re1 Nc5 7. Bxc6 dxc6
8. d4 Ne6 9. dxe5 Qxd1 10. Rxd1 Bd7 11. Be3 Be7 12. Nbd2 O-O 13. Nb3 Rad8
14. Nbd4 Nxd4 15. Bxd4 b6 16. c4 c5 17. Bc3 Be6 18. Nd2 Rd3 19. Kf1 Rfd8 20. Ke2
b5 21. cxb5 axb5 22. Ba5 Bg5 23. Nf3 Rxd1 24. Rxd1 Rxd1 25. Kxd1 Be7 26. a3 c6
27. Ke2 f6 28. Ke3 Bd5 1/2-1/2

[Event "PohÃ¡r mÄ›sta Å˜Ã­Ä�any 2020"]
[Site "MÄ›stskÃ© kulturnÃ­ stÅ™edisko U labutÄ›"]
[Date "2020.08.22"]
[Round "1.21"]
[White "Neuhoff, Laertes"]
[Black "Plasek, Zdenek"]
[Result "0-1"]
[WhiteElo "1700"]
[BlackElo "1967"]
[PlyCount "0"]
[EventDate "2020.08.22"]

1. e4 c5 2. Nf3 e6 3. d4 cxd4 4. Nxd4 d6 5. Nc3 Nf6 6. g4 h6 7. h4 Nc6 8. Be2
a6 9. f4 Nd7 10. Be3 Be7 11. Bf2 Nxd4 12. Qxd4 e5 13. fxe5 Nxe5 14. O-O-O O-O
15. Rdg1 Be6 16. Kb1 Rc8 17. g5 hxg5 18. hxg5 Bxg5 19. Rh5 Bf6 20. Qd2 Ng6
21. Nd5 Bxd5 22. exd5 Re8 23. Bd3 Re5 24. Bxg6 fxg6 25. Rxe5 Bxe5 26. Rxg6 Qe8
27. Rg1 Qb5 28. b3 Rf8 29. c4 Qd7 30. Bd4 Qf5+ 31. Kb2 Qf2 32. Rd1 Qxd2+
33. Rxd2 Rf5 34. c5 Bxd4+ 35. Rxd4 dxc5 0-1

[Event "PohÃ¡r mÄ›sta Å˜Ã­Ä�any 2020"]
[Site "MÄ›stskÃ© kulturnÃ­ stÅ™edisko U labutÄ›"]
[Date "2020.08.22"]
[Round "1.22"]
[White "Reljic, Michael"]
[Black "Kuhnmund, Ivan"]
[Result "1-0"]
[WhiteElo "1957"]
[BlackElo "1682"]
[PlyCount "0"]
[EventDate "2020.08.22"]

1. e4 c5 2. Nf3 a6 3. c3 d5 4. exd5 Nf6 5. d4 e6 6. dxe6 Bxe6 7. Be2 Nc6 8. O-O
Qc7 9. dxc5 Bxc5 10. Be3 Bxe3 11. fxe3 O-O 12. Nd4 Rfe8 13. Bf3 Rad8 14. Nd2 Bd5
15. Rc1 Ne4 16. Bxe4 Bxe4 17. Nxe4 Rxe4 18. Qf3 Rh4 19. b3 Ne5 20. Qg3 Rh6
21. Rfd1 Rg6 22. Qf4 Rf6 23. Qe4 Re8 24. Qc2 Qc8 25. e4 Rg6 26. Kh1 Qd8 27. Nf5
Qg5 28. Rf1 Rge6 1-0

[Event "PohÃ¡r mÄ›sta Å˜Ã­Ä�any 2020"]
[Site "MÄ›stskÃ© kulturnÃ­ stÅ™edisko U labutÄ›"]
[Date "2020.08.22"]
[Round "1.23"]
[White "Studzinski, Boleslav"]
[Black "Steiner, Juraj"]
[Result "0-1"]
[WhiteElo "1678"]
[BlackElo "1953"]
[PlyCount "0"]
[EventDate "2020.08.22"]

1. e4 c5 2. Nf3 g6 3. d4 cxd4 4. Nxd4 Nc6 5. Be3 Nf6 6. Nc3 Bg7 7. f3 Qa5
8. Nxc6 bxc6 9. Qd2 Rb8 10. Rb1 O-O 11. Nd1 Qxa2 12. Qc1 Qa5+ 13. c3 Qc7 14. Ra1
a5 15. Bd3 d5 16. Bh6 dxe4 17. Bxg7 Kxg7 18. fxe4 Ng4 19. Qg5 f5 20. exf5 Qe5+
21. Kd2 Bxf5 22. Re1 Qd5 23. Qxe7+ Kg8 24. Qe2 Rbd8 25. Kc1 Qxd3 26. Qxd3 Bxd3
27. Rxa5 Rfe8 28. Rxe8+ Rxe8 29. b4 Re2 0-1

[Event "PohÃ¡r mÄ›sta Å˜Ã­Ä�any 2020"]
[Site "MÄ›stskÃ© kulturnÃ­ stÅ™edisko U labutÄ›"]
[Date "2020.08.22"]
[Round "1.24"]
[White "Ocelak, Jakub"]
[Black "Rousek, Jan"]
[Result "1-0"]
[WhiteElo "1949"]
[BlackElo "1665"]
[PlyCount "0"]
[EventDate "2020.08.22"]

1. b3 c5 2. Bb2 Nc6 3. e3 e6 4. Nf3 Nf6 5. c4 d5 6. cxd5 exd5 7. Bb5 Qb6 8. Qe2
a6 9. Bxc6+ Qxc6 10. h3 Be7 11. O-O O-O 12. d4 Ne4 13. Nbd2 Nxd2 14. Qxd2 c4
15. bxc4 dxc4 16. d5 Qc7 17. Rfd1 Bd6 18. e4 f6 19. a4 b6 20. Ba3 Bd7 21. Bxd6
Qxd6 22. Qd4 b5 23. Rdc1 Rfe8 24. Rc3 Qf4 25. Re1 Rac8 26. Nd2 Qd6 27. Rg3 Kh8
28. Ra1 Qc5 29. Qxc5 Rxc5 30. axb5 axb5 31. Ra7 c3 32. Nb3 c2 33. Rxd7 c1=Q+
34. Nxc1 Rxc1+ 35. Kh2 b4 36. Rb3 Rc4 37. f3 Rb8 38. Ra7 Kg8 39. Kg3 Kf8 40. Ra2
Kf7 41. Kf4 Rb7 42. Ke3 Rc1 43. Rab2 Re1+ 44. Kf2 Rc1 45. Rxb4 Rxb4 46. Rxb4 g5
47. Rb7+ Kg6 48. d6 Rc2+ 49. Ke3 Rc6 50. Rd7 h5 51. Kd4 Rc1 52. Kd5 f5 53. e5
Rd1+ 54. Ke6 g4 55. Rd8 gxf3 56. gxf3 Re1 1-0

[Event "PohÃ¡r mÄ›sta Å˜Ã­Ä�any 2020"]
[Site "MÄ›stskÃ© kulturnÃ­ stÅ™edisko U labutÄ›"]
[Date "2020.08.22"]
[Round "1.25"]
[White "Harcuba, Adam"]
[Black "Elias, Jakub"]
[Result "1/2-1/2"]
[WhiteElo "1637"]
[BlackElo "1937"]
[PlyCount "0"]
[EventDate "2020.08.22"]

1. d4 Nf6 2. Nf3 g6 3. c4 Bg7 4. Nc3 O-O 5. e4 d6 6. Be2 e5 7. dxe5 dxe5 8. O-O
Qe7 9. Bg5 c6 10. Qc2 Bg4 11. Rad1 Nbd7 12. Rd2 Rfd8 13. Rfd1 Bxf3 14. Bxf3 Nf8
15. Bg4 h6 16. Bxf6 Bxf6 17. a3 h5 18. Bh3 Bg5 19. Rd3 Ne6 20. Rxd8+ Rxd8
21. Rxd8+ Nxd8 22. Qd3 Ne6 23. Bxe6 Qxe6 24. b4 Kg7 25. g3 h4 26. gxh4 Bxh4
27. h3 Qf6 28. Qe3 b6 29. b5 Qe6 30. Qd3 cxb5 31. Nxb5 a5 32. Kg2 Qf6 33. Qd2
Bg5 34. Qd6 Qf4 35. Qd3 Be7 36. Qc2 Bc5 37. a4 Kh6 38. Nc3 f5 39. exf5 gxf5
40. Nd5 Qg5+ 41. Kh2 Kg6 42. Qb2 f4 43. Qc2+ Kh6 44. Qe2 Qf5 45. Nc3 Kg6 46. f3
1/2-1/2

[Event "PohÃ¡r mÄ›sta Å˜Ã­Ä�any 2020"]
[Site "MÄ›stskÃ© kulturnÃ­ stÅ™edisko U labutÄ›"]
[Date "2020.08.22"]
[Round "1.26"]
[White "Vavrinec, Tomas"]
[Black "Hozda, Max"]
[Result "1-0"]
[WhiteElo "1927"]
[BlackElo "1630"]
[PlyCount "0"]
[EventDate "2020.08.22"]

1. c4 c6 2. Nf3 d5 3. g3 Nf6 4. Bg2 e6 5. O-O Be7 6. b3 O-O 7. Bb2 Nbd7 8. d3
Qb6 9. Nbd2 Rd8 10. Qc2 Ne8 11. e4 dxe4 12. dxe4 f6 13. e5 f5 14. Rfd1 Nf8
15. a3 c5 16. Rac1 Bd7 17. b4 a6 18. Rb1 Qc7 19. Bc3 cxb4 20. axb4 Bc6 21. Qb3
g6 22. Bf1 Ng7 23. Nd4 Be8 24. c5 Rac8 25. Nc4 Bf7 26. Nd6 Rb8 27. Bc4 Rd7
28. Bb2 Rdd8 29. Ba3 Bxd6 30. cxd6 Qb6 31. b5 a5 32. Bc1 1-0